Didáctica de la geografía

Uloženo v:
Podrobná bibliografie
Hlavní autor: Coronas Tejada, Luis (Autor)
Médium: Kniha
Jazyk:španělština
Vydáno: Salamanca Anaya 1972
Témata:
Tagy: Přidat tag
Žádné tagy, Buďte první, kdo vytvoří štítek k tomuto záznamu!

MARC

LEADER 00000nam a2200000 a 4500
001 UCY9047
003 CL-VaPUC
008 950707e19720000SP |||||||||||||||||spa|d
082 0 4 |a 372.891  |b COR  |2 21 
100 0 |a Coronas Tejada, Luis  |e author  |9 341036 
245 1 0 |a Didáctica de la geografía 
300 |a v 
942 |c BK 
945 |d 19950707 00:00:00  |a lriquelm 
260 |a Salamanca  |b Anaya  |c 1972 
650 0 |a Enseñanza de la geografía  |9 310005 
650 0 |a Geografía  |9 259346 
650 0 |a Geografía física   |9 259347 
650 0 |a Geografía humana  |9 267193 
650 0 |a Descubrimientos geográficos  |9 331933 
650 0 |a Cosmología  |9 269138 
583 |a last modification  |c 19950707 00:00:00  |k Rodrigo Vera 
999 |c 236220  |d 236218 
952 |0 0  |1 0  |4 0  |6 372_891000000000000_COR_1972  |7 0  |8 P  |9 244177  |a BIBEDU  |b BIBEDU  |c BIBEDU_PB  |d 2019-11-18  |h v.1  |i 1527924  |o 372.891 COR 1972  |p 1527924  |r 2024-01-25  |w 2019-11-18  |y BK  |k EDU